000 00307nam a2200109Ia 4500
999 _c22857
_d22857
100 _aVerma, Arvind
245 0 _aWhy people commit crime: an exploration
260 _bIndian Council of Social Science Research, New Delhi
_c0
300 _a41
504 _aIncludes appendix and bibliography
942 _cRP
_2ddc